| 000 | 00929nam a2200217 a 4500 | ||
|---|---|---|---|
| 999 |
_c11441 _d11441 |
||
| 001 | 11441 | ||
| 003 | BD-JhCC | ||
| 005 | 20190917134018.0 | ||
| 008 | 190916s 2017bg a|||| ||a| 000 0 ben d | ||
| 035 | _a(BD-JhCC)11441 | ||
| 040 |
_aBD-JhCC _dBD-JhCC |
||
| 041 | _aben | ||
| 082 | _bGRA 2017 | ||
| 245 |
_aগ্রাফোসওম্যানের নতুন ভূচিত্রাবলী : _bমানচিত্রে দেশ বিদেশ / _cসম্পাদনা: মো: আবু জাফর হাওলাদার । |
||
| 260 |
_aঢাকা: _bগ্রাফোসওম্যান পাবলিকেশন এন্ড প্রিন্টিং; _c২০১৭. |
||
| 300 |
_a১৮৯ পৃ. : _bill; _c২৬ সেমি. |
||
| 650 |
_aAtlas _zBagladesh |
||
| 700 | _aহাওলাদার , মো: আবু জাফর | ||
| 942 |
_2ddc _cBK _01 |
||